Hindenburg; (Record no. 6776)

MARC details
000 -LEADER
fixed length control field 00622cam a22001931 4500
001 - CONTROL NUMBER
control field af 49000914
003 - CONTROL NUMBER IDENTIFIER
control field DLC
005 - DATE AND TIME OF LATEST TRANSACTION
control field 20260227110917.0
008 - FIXED-LENGTH DATA ELEMENTS--GENERAL INFORMATION
fixed length control field 800816s1934 gw cf 000 0bger c
010 ## - LIBRARY OF CONGRESS CONTROL NUMBER
LC control number af 49000914
035 ## - SYSTEM CONTROL NUMBER
System control number (OCoLC)6628306
040 ## - CATALOGING SOURCE
Original cataloging agency Harvard Univ. Library
Transcribing agency OCl
Modifying agency DLC
042 ## - AUTHENTICATION CODE
Authentication code premarc
050 00 - LIBRARY OF CONGRESS CALL NUMBER
Classification number DD231.H5
Item number H625
245 00 - TITLE STATEMENT
Title Hindenburg;
Remainder of title ein Ehren- und Gedenkbuch für das deutsche Volk.
Statement of responsibility, etc. Mit 32 Kupfertiefdrucktafeln und dem Wortlaut des Testamentes.
260 ## - PUBLICATION, DISTRIBUTION, ETC.
Place of publication, distribution, etc. Berlin,
Name of publisher, distributor, etc. R. Hobbing
Date of publication, distribution, etc. [1934]
300 ## - PHYSICAL DESCRIPTION
Extent 95 p.
Other physical details plates, ports.
Dimensions 25 cm.
600 10 - SUBJECT ADDED ENTRY--PERSONAL NAME
Personal name Hindenburg, Paul von,
Dates associated with a name 1847-1934.

No items available.

Powered by Koha